Concepts of modern catalysis and kinetics / (Record no. 21541)

MARC details
000 -LEADER
fixed length control field 01177cam a22003495a 4500
001 - CONTROL NUMBER
control field ocn154699503
003 - CONTROL NUMBER IDENTIFIER
control field EG-ScBUE
005 - DATE AND TIME OF LATEST TRANSACTION
control field 20250709094338.0
008 - FIXED-LENGTH DATA ELEMENTS--GENERAL INFORMATION
fixed length control field 070829t2007 gw a f b 001 0 eng d
020 ## - INTERNATIONAL STANDARD BOOK NUMBER
International Standard Book Number 9783527316724
020 ## - INTERNATIONAL STANDARD BOOK NUMBER
International Standard Book Number 3527316728
040 ## - CATALOGING SOURCE
Original cataloging agency UKM
Language of cataloging eng
Description conventions rda
Transcribing agency UKM
Modifying agency BTCTA
-- BAKER
-- EG-ScBUE
082 04 - DEWEY DECIMAL CLASSIFICATION NUMBER
Edition number 22
Classification number 660.2995
Item number CHO
100 1# - MAIN ENTRY--PERSONAL NAME
Personal name Chorkendorff, I.
Fuller form of name (Ib),
Dates associated with a name 1955-
Relator term author.
9 (RLIN) 39712
245 10 - TITLE STATEMENT
Title Concepts of modern catalysis and kinetics /
Statement of responsibility, etc I. Chorkendorff, J. W. Niemantsverdriet.
250 ## - EDITION STATEMENT
Edition statement Second, revised and enlarged edition.
264 #1 - PUBLICATION, DISTRIBUTION, ETC. (IMPRINT)
Place of publication, distribution, etc Weinheim :
Name of publisher, distributor, etc Wiley-VCH Verlag GmbH & Co. KGaA,
Date of publication, distribution, etc [2007]
264 #4 - PUBLICATION, DISTRIBUTION, ETC. (IMPRINT)
Date of publication, distribution, etc c2007
300 ## - PHYSICAL DESCRIPTION
Extent xx, 457 pages :
Other physical details illustrations ;
Dimensions 25 cm
336 ## - CONTENT TYPE
Source rdacontent
Content type term text
Content type code txt
337 ## - MEDIA TYPE
Source rdamedia
Media type term unmediated
Media type code n
338 ## - CARRIER TYPE
Source rdacarrier
Carrier type term volume
Carrier type code nc
500 ## - GENERAL NOTE
General note Previous ed. : 2003.
504 ## - BIBLIOGRAPHY, ETC. NOTE
Bibliography, etc Includes bibliographical references and index.<br/>
650 #7 - SUBJECT ADDED ENTRY--TOPICAL TERM
Topical term or geographic name as entry element Catalysis.
Source of heading or term BUEsh
9 (RLIN) 6273
650 #7 - SUBJECT ADDED ENTRY--TOPICAL TERM
Topical term or geographic name as entry element Chemical kinetics.
Source of heading or term BUEsh
9 (RLIN) 6220
651 ## - SUBJECT ADDED ENTRY--GEOGRAPHIC NAME
Source of heading or term BUEsh
653 ## - INDEX TERM--UNCONTROLLED
Resource For college Engineering, Chemical
Arrived date list March2016
-- February2017
655 ## - INDEX TERM--GENRE/FORM
Form subdivision Text book
700 1# - ADDED ENTRY--PERSONAL NAME
Personal name Niemantsverdriet, J. W.,
Relator term author.
942 ## - ADDED ENTRY ELEMENTS (KOHA)
Source of classification or shelving scheme Dewey Decimal Classification
Koha item type Book - Borrowing
Holdings
Withdrawn status Lost status Source of classification or shelving scheme Damaged status Not for loan Collection code Home library Current library Shelving location Date acquired Source of acquisition Cost, normal purchase price Total Checkouts Total Renewals Full call number Barcode Date last seen Date checked out Cost, replacement price Koha item type Price effective from
    Dewey Decimal Classification     Baccah Central Library Central Library First floor 29/03/2016 Purchase 620.00 1 4 660.2995 CHO 000032213 15/07/2025 06/11/2016 775.00 Book - Borrowing  
    Dewey Decimal Classification     Baccah Central Library Central Library First floor 29/03/2016 Purchase 620.00     660.2995 CHO 000032214 15/07/2025   775.00 Book - Borrowing  
    Dewey Decimal Classification     Baccah Central Library Central Library First floor 09/02/2017 Purchase 1650.00     660.2995 CHO 000041160 15/07/2025   2063.00 NB - Book (Non borrowing)  
    Dewey Decimal Classification     Baccah Central Library Central Library First floor 09/07/2025 Purchase       660.2995 CHO 000036459 15/07/2025     Book - Borrowing 09/07/2025
    Dewey Decimal Classification     Baccah Central Library Central Library First floor 09/07/2025 Purchase       660.2995 CHO 000036460 15/07/2025     Book - Borrowing 09/07/2025